000 00672nam a2200229Ia 4500
001 17039
003 GE_BSU
008 181216s||||||||xx |||||||||||||| ||und||
040 _cGE_BSU
080 _a821.161.1-31
100 _aნიკოლაევა, გ.
245 _aბრძოლა გზაზე
245 _bრომანი
245 _cმთარგმ.: თ. ღვინიაშვილი
260 _aთბილისი
260 _bსაბჭ. საქართველო
260 _c1965
300 _a825გვ. ; 22სმ
653 _aბრძოლა გზაზე
653 _aრომანი
942 _cBK
999 _c50101
_d50101